[Event "Porto San Giorgio op 26th"]
[Site "Porto San Giorgio"]
[Date "2015.08.24"]
[Round "3"]
[White "Ruggeri, Pietro"]
[Black "Lantini, Marco"]
[Result "1/2-1/2"]
[WhiteElo "2014"]
[BlackElo "2115"]
[PlyCount "69"]
[EventDate "2015.08.22"]
[EventType "swiss"]
[EventRounds "9"]
[EventCountry "ITA"]
[SourceTitle "EXT 2016"]
[Source "ChessBase"]
[SourceDate "2015.10.08"]
[SourceVersion "1"]
[SourceVersionDate "2015.10.08"]
[SourceQuality "1"]

1. d4 d5 2. Nf3 Nf6 3. Bg5 c5 4. e3 Ne4 5. Bf4 cxd4 6. exd4 Qb6 7. Qc1 Nc6 8. c3 Bf5 9. Be2 Rc8 10. 0-0 e6 11. Nbd2 Be7 12. a3 0-0 13. Be3 Bf6 14. Nxe4 Bxe4 15. Qd2 Na5 16. Ra2 Be7 17. Ne5 Rfd8 18. f3 Bf5 19. g4 f6 20. b4 Nb3 21. Qb2 fxe5 22. Qxb3 Bg6 23. Bf2 e4 24. c4 exf3 25. c5 Qc7 26. Qxf3 Rf8 27. Qg3 Qd8 28. Bd3 Bh4 29. Qh3 Bxd3 30. Qxd3 Qg5 31. Qh3 Bxf2+ 32. Raxf2 Rxf2 33. Rxf2 Rf8 34. Rxf8+ Kxf8 35. Qf3+ 1/2-1/2

[Event "Porto San Giorgio op 23rd"]
[Site "Porto San Giorgio"]
[Date "2011.08.24"]
[Round "5"]
[White "Ruggeri, Pietro"]
[Black "Ghidinelli, Pier Giorgio"]
[Result "1/2-1/2"]
[WhiteElo "2070"]
[BlackElo "1913"]
[PlyCount "88"]
[EventDate "2011.08.21"]
[EventType "swiss"]
[EventRounds "9"]
[EventCountry "ITA"]
[SourceTitle "CBM 144 Extra"]
[Source "ChessBase"]
[SourceDate "2011.10.28"]
[SourceVersion "1"]
[SourceVersionDate "2011.10.28"]
[SourceQuality "1"]

1. e4 e6 2. d4 d5 3. Nc3 Nf6 4. Bg5 Bb4 5. Nge2 h6 6. Bxf6 gxf6 7. a3 Be7 8. exd5 exd5 9. Nf4 c6 10. Qe2 Na6 11. 0-0-0 Nc7 12. Nh5 Qd6 13. h3 Ne6 14. g3 Bd7 15. f4 Rg8 16. Kb1 0-0-0 17. f5 Ng7 18. Nxg7 Rxg7 19. g4 Re8 20. Qf3 Bd8 21. Bd3 Bc7 22. Rhf1 b5 23. Ne2 a5 24. c3 Rgg8 25. Rde1 Re7 26. Nc1 Rge8 27. Rxe7 Rxe7 28. Rf2 Kd8 29. Re2 Rxe2 30. Bxe2 c5 31. dxc5 Qxc5 32. Nb3 Qd6 33. Nd4 b4 34. axb4 axb4 35. Bb5 bxc3 36. Qxc3 Bb6 37. Bxd7 Kxd7 38. Nc2 d4 39. Qd3 Qd5 40. b4 Kc6 41. Kb2 Kd6 42. Na3 Kc6 43. Nc4 Ba7 44. Na5+ Kb6 1/2-1/2

[Event "Porto San Giorgio op 23rd"]
[Site "Porto San Giorgio"]
[Date "2011.08.23"]
[Round "4"]
[White "Guglielmi, Dante"]
[Black "Ruggeri, Pietro"]
[Result "1/2-1/2"]
[WhiteElo "1878"]
[BlackElo "2070"]
[PlyCount "29"]
[EventDate "2011.08.21"]
[EventType "swiss"]
[EventRounds "9"]
[EventCountry "ITA"]
[SourceTitle "CBM 144 Extra"]
[Source "ChessBase"]
[SourceDate "2011.10.28"]
[SourceVersion "1"]
[SourceVersionDate "2011.10.28"]
[SourceQuality "1"]

1. c4 e5 2. Nc3 Nc6 3. g3 Bb4 4. Bg2 Bxc3 5. bxc3 d6 6. Qc2 Nge7 7. Nf3 0-0 8. 0-0 Bd7 9. d3 Rb8 10. Rb1 b6 11. e4 Qc8 12. Re1 Ng6 13. Be3 Nce7 14. Bg5 f6 15. Be3 1/2-1/2

[Event "Porto San Giorgio op 23rd"]
[Site "Porto San Giorgio"]
[Date "2011.08.21"]
[Round "1"]
[White "Zannoni, Gianni"]
[Black "Ruggeri, Pietro"]
[Result "1/2-1/2"]
[WhiteElo "1846"]
[BlackElo "2070"]
[PlyCount "73"]
[EventDate "2011.08.21"]
[EventType "swiss"]
[EventRounds "9"]
[EventCountry "ITA"]
[SourceTitle "CBM 144 Extra"]
[Source "ChessBase"]
[SourceDate "2011.10.28"]
[SourceVersion "1"]
[SourceVersionDate "2011.10.28"]
[SourceQuality "1"]

1. Nf3 d5 2. g3 c5 3. Bg2 Nf6 4. 0-0 Nc6 5. d4 e6 6. e3 Be7 7. c3 0-0 8. Nbd2 Qc7 9. a3 a5 10. Qc2 b6 11. e4 Ba6 12. e5 Nd7 13. Re1 Rac8 14. Kh1 cxd4 15. cxd4 Na7 16. Qxc7 Rxc7 17. Nb1 Rfc8 18. Nc3 Bc4 19. Be3 Nb5 20. Nxb5 Bxb5 21. Rec1 h6 22. h4 Kf8 23. Rxc7 Rxc7 24. Rc1 Rxc1+ 25. Bxc1 Ke8 26. Ne1 Bc4 27. f4 b5 28. Bd2 b4 29. axb4 axb4 30. Bh3 Nb6 31. f5 Kd7 32. fxe6+ fxe6 33. Bg4 Na4 34. Bc1 b3 35. Kg1 Bb4 36. Kf2 Bb5 37. Ng2 1/2-1/2

[Event "Porto San Giorgio op-A 21st"]
[Site "Porto San Giorgio"]
[Date "2009.08.29"]
[Round "9"]
[White "Ruggeri, Pietro"]
[Black "Altini, Daniele"]
[Result "0-1"]
[WhiteElo "2097"]
[BlackElo "2236"]
[PlyCount "68"]
[EventDate "2009.08.21"]
[EventType "swiss"]
[EventRounds "9"]
[EventCountry "ITA"]
[SourceTitle "CBM 131 Extra"]
[Source "ChessBase"]
[SourceDate "2009.09.03"]
[SourceVersion "2"]
[SourceVersionDate "2009.09.16"]
[SourceQuality "1"]

1. d4 d6 2. e4 Nf6 3. Nc3 g6 4. Bc4 Bg7 5. Qe2 c6 6. Nf3 b5 7. Bb3 b4 8. Na4 Ba6 9. Qe3 h5 10. Ng5 0-0 11. f3 Nbd7 12. Bd2 Rc8 13. Bxb4 c5 14. dxc5 dxc5 15. Bxf7+ Rxf7 16. Ne6 Qe8 17. Bc3 Bc4 18. Naxc5 Nxc5 19. Nxc5 Kh7 20. Nd3 Bxd3 21. cxd3 e6 22. 0-0 Qb5 23. a4 Qa6 24. a5 Bh6 25. Qd4 Nd7 26. f4 Nc5 27. Rad1 Rd7 28. Qf6 Rf8 29. Qh4 Nxd3 30. f5 Be3+ 31. Kh1 Nf2+ 32. Qxf2 Rxd1 33. fxg6+ Kxg6 34. Qg3+ Bg5 0-1

[Event "Porto San Giorgio op 20th"]
[Site "Porto San Giorgio"]
[Date "2008.08.23"]
[Round "3"]
[White "Della Corte, Alessandro"]
[Black "Ruggeri, Pietro"]
[Result "1-0"]
[WhiteElo "2247"]
[BlackElo "2093"]
[PlyCount "75"]
[EventDate "2008.08.21"]
[EventType "swiss"]
[EventRounds "9"]
[EventCountry "ITA"]
[SourceTitle "CBM 126 Extra"]
[Source "ChessBase"]
[SourceDate "2008.11.05"]
[SourceVersion "1"]
[SourceVersionDate "2008.11.05"]
[SourceQuality "1"]

1. Nf3 c5 2. g3 Nc6 3. Bg2 Nf6 4. 0-0 g6 5. d3 Bg7 6. e4 0-0 7. h3 d5 8. Nbd2 dxe4 9. dxe4 Qc7 10. c3 b6 11. Re1 Bb7 12. Qc2 Rad8 13. a4 Ba6 14. Bf1 Bxf1 15. Nxf1 c4 16. Bf4 Qb7 17. e5 Nd5 18. Qe4 Nxf4 19. Qxf4 Rd3 20. N3d2 Rfd8 21. Nxc4 Qd7 22. Qe4 Qd5 23. Qxd5 R8xd5 24. Nfe3 Rd8 25. f4 Bf8 26. Kf2 e6 27. Ke2 Bc5 28. Red1 Rxd1 29. Rxd1 Bxe3 30. Rxd8+ Nxd8 31. Kxe3 h5 32. a5 bxa5 33. Nxa5 Kf8 34. Kd4 Ke7 35. Kc5 Kd7 36. Kb5 Kc7 37. Ka6 Kb8 38. c4 1-0

[Event "Porto San Giorgio op"]
[Site "Porto San Giorgio"]
[Date "2007.08.21"]
[Round "1"]
[White "Ruggeri, Pietro"]
[Black "Komarov, Dimitri"]
[Result "1/2-1/2"]
[WhiteElo "2098"]
[BlackElo "2550"]
[PlyCount "80"]
[EventDate "2007.08.21"]
[EventType "swiss"]
[EventRounds "9"]
[EventCountry "ITA"]
[SourceTitle "CBM 120 Extra"]
[Source "ChessBase"]
[SourceDate "2007.11.01"]
[SourceVersion "1"]
[SourceVersionDate "2007.11.01"]
[SourceQuality "1"]

1. d4 Nf6 2. Bf4 d5 3. e3 c5 4. c3 Nc6 5. Nf3 Qb6 6. Qb3 c4 7. Qxb6 axb6 8. Na3 e6 9. Nb5 Ra5 10. a4 Be7 11. Be2 0-0 12. 0-0 Ne4 13. h3 Bd7 14. Bd1 Na7 15. Nxa7 Rxa7 16. Bc7 Rfa8 17. Bc2 Bxa4 18. Bxe4 dxe4 19. Nd2 Bc2 20. Rxa7 Rxa7 21. Rc1 Bd3 22. b4 cxb3 23. Nxb3 b5 24. Nc5 Bxc5 25. dxc5 f6 26. Kh2 Kf7 27. Kg3 Ke8 28. Bd6 Ra8 29. h4 Kd7 30. h5 b6 31. f3 Rc8 32. fxe4 Bxe4 33. Rd1 Kc6 34. cxb6 Kxb6 35. Bb4 Bd5 36. Rd4 f5 37. Kf4 Ra8 38. Ke5 Ra2 39. g4 Rf2 40. Kd6 Bc4 1/2-1/2

[Event "Civitanova Marche op 1st"]
[Site "Civitanova Marche"]
[Date "2006.08.02"]
[Round "5"]
[White "Ruggeri, Pietro"]
[Black "Guidi, Maurizio"]
[Result "1/2-1/2"]
[WhiteElo "2123"]
[BlackElo "2090"]
[PlyCount "72"]
[EventDate "2006.07.29"]
[EventType "swiss"]
[EventRounds "9"]
[EventCountry "ITA"]
[SourceTitle "EXT 2023"]
[Source "ChessBase"]
[SourceDate "2022.10.05"]
[SourceVersion "1"]
[SourceVersionDate "2022.10.05"]
[SourceQuality "1"]

1. d4 Nf6 2. Bg5 g6 3. Bxf6 exf6 4. c4 Bg7 5. Nc3 0-0 6. g3 d6 7. Bg2 f5 8. e3 Nd7 9. Nge2 Nf6 10. 0-0 Re8 11. Nf4 c6 12. h4 h6 13. Rc1 g5 14. hxg5 hxg5 15. Nh5 Nxh5 16. Qxh5 Re6 17. d5 Rh6 18. Qf3 c5 19. Rfe1 Be5 20. Qe2 f4 21. exf4 gxf4 22. gxf4 Rg6 23. Qf3 Bg4 24. Qg3 Bf5 25. fxe5 Rxg3 26. fxg3 Qg5 27. exd6 Qxg3 28. Ne4 Bxe4 29. Rxe4 Rd8 30. Rc3 Qxd6 31. Kf2 Qf6+ 32. Ke2 Rd6 33. Re8+ Kg7 34. Rg3+ Kh6 35. Rh3+ Kg7 36. Rg3+ Kh6 1/2-1/2

[Event "Nereto op"]
[Site "Nereto"]
[Date "2002.??.??"]
[Round "7"]
[White "Ruggeri, Pietro"]
[Black "Profumo, Alberto"]
[Result "1-0"]
[WhiteElo "2106"]
[BlackElo "2253"]
[PlyCount "95"]
[EventDate "2002.??.??"]
[EventType "swiss"]
[EventRounds "9"]
[EventCountry "ITA"]
[SourceTitle "EXT 2003"]
[Source "ChessBase"]
[SourceDate "2002.11.25"]
[SourceVersion "1"]
[SourceVersionDate "2002.11.25"]
[SourceQuality "1"]

1. d4 d5 2. c4 e6 3. Nc3 Nf6 4. cxd5 exd5 5. Bg5 Be7 6. e3 0-0 7. Bd3 b6 8. Rc1 Nbd7 9. Nge2 Bb7 10. 0-0 c5 11. Bf4 Re8 12. Nb5 Nh5 13. Bc7 Qc8 14. Bd6 Bc6 15. Nec3 Nhf6 16. Bg3 Rf8 17. Nc7 Rb8 18. Ba6 Qd8 19. N7b5 Ra8 20. Bc7 Qe8 21. Nd6 Bxd6 22. Bxd6 c4 23. Bb5 Qc8 24. Bxf8 Nxf8 25. b3 Bxb5 26. Nxb5 a6 27. Nc3 b5 28. Qf3 Qd8 29. bxc4 dxc4 30. Rfd1 Rc8 31. e4 b4 32. e5 Ne8 33. Ne4 Nd7 34. Qe2 Nb6 35. g3 Nc7 36. Nd6 Ncd5 37. Nxc8 Qxc8 38. Re1 a5 39. e6 fxe6 40. Qxe6+ Qxe6 41. Rxe6 Kf7 42. Rc6 c3 43. Kf1 a4 44. Ke2 b3 45. axb3 axb3 46. R1xc3 Nxc3+ 47. Rxc3 b2 48. Rb3 1-0

[Event "Bratto op 18th"]
[Site "Bratto"]
[Date "1998.??.??"]
[Round "?"]
[White "Ori, Marco"]
[Black "Ruggeri, Pietro"]
[Result "1-0"]
[WhiteElo "2090"]
[BlackElo "2145"]
[PlyCount "71"]
[EventDate "1998.??.??"]
[EventType "swiss"]
[EventRounds "9"]
[EventCountry "ITA"]
[SourceTitle "EXT 2000"]
[Source "ChessBase"]
[SourceDate "1999.11.16"]
[SourceVersion "1"]
[SourceVersionDate "1999.11.16"]
[SourceQuality "1"]

1. e4 g6 2. d4 Bg7 3. Nf3 d6 4. Nc3 Nf6 5. h3 0-0 6. Be3 a6 7. a4 b6 8. Bd3 Bb7 9. 0-0 Nbd7 10. Qc1 d5 11. e5 Ne8 12. Ne2 c5 13. c3 Nc7 14. Bh6 Ne6 15. Bxg7 Kxg7 16. Nh2 f5 17. exf6+ Nxf6 18. f4 c4 19. Bc2 Ne4 20. Ng4 h5 21. Ne5 h4 22. Bxe4 dxe4 23. Nxc4 Qd5 24. Ne3 Qh5 25. Rf2 Rf7 26. Qc2 a5 27. Qb3 Rf6 28. Ng4 e3 29. Nxe3 Raf8 30. Raf1 Nc7 31. Ng4 Re6 32. f5 Rd6 33. Nf4 Qxf5 34. Nh5+ Qxh5 35. Rxf8 Bd5 36. R1f7+ 1-0

[Event "Bratto op 18th"]
[Site "Bratto"]
[Date "1998.??.??"]
[Round "?"]
[White "Ruggeri, Pietro"]
[Black "Barbieri, Giovanni"]
[Result "1/2-1/2"]
[WhiteElo "2145"]
[BlackElo "2100"]
[PlyCount "91"]
[EventDate "1998.??.??"]
[EventType "swiss"]
[EventRounds "9"]
[EventCountry "ITA"]
[SourceTitle "EXT 2000"]
[Source "ChessBase"]
[SourceDate "1999.11.16"]
[SourceVersion "1"]
[SourceVersionDate "1999.11.16"]
[SourceQuality "1"]

1. e4 e5 2. d4 exd4 3. Nf3 Nc6 4. Bc4 Nf6 5. e5 d5 6. Bb5 Ne4 7. 0-0 Bg4 8. h3 Bxf3 9. Qxf3 Bc5 10. Nd2 Ng5 11. Qd3 Ne6 12. Nb3 Bb6 13. a4 a6 14. Bxc6+ bxc6 15. a5 Ba7 16. Qxa6 Qd7 17. Qe2 0-0 18. a6 c5 19. Na5 f5 20. exf6 Rxf6 21. Nb7 Raf8 22. Ra3 c4 23. b4 d3 24. cxd3 Nd4 25. Qh5 Rf5 26. Qg4 h5 27. Qd1 Nb5 28. Nc5 Qf7 29. Ra1 cxd3 30. Qxd3 Rxf2 31. Be3 Rxf1+ 32. Rxf1 Qxf1+ 33. Qxf1 Rxf1+ 34. Kxf1 Kf7 35. Ke2 c6 36. Kd3 Ke8 37. g4 hxg4 38. hxg4 Nc7 39. Ne6 Nxe6 40. Bxa7 Nc7 41. b5 cxb5 42. Bd4 Nxa6 43. Bxg7 Kf7 44. Bh6 Ke6 45. Kd4 Nb4 46. Bf8 1/2-1/2

[Event "Caorle op-B"]
[Site "Caorle"]
[Date "1991.07.12"]
[Round "7.13"]
[White "Mocchi, Tullio"]
[Black "Ruggeri, Pietro"]
[Result "1-0"]
[WhiteElo "1900"]
[BlackElo "1939"]
[PlyCount "139"]
[EventDate "1991.07.05"]
[EventType "swiss"]
[EventRounds "8"]
[EventCountry "ITA"]
[SourceTitle "EXT 2023"]
[Source "ChessBase"]
[SourceDate "2022.10.05"]
[SourceVersion "1"]
[SourceVersionDate "2022.10.05"]
[SourceQuality "1"]

1. d4 Nf6 2. Nf3 c5 3. c4 cxd4 4. Nxd4 Nc6 5. Nc3 e5 6. Nc2 Bc5 7. Be3 Bxe3 8. Nxe3 Nd4 9. g3 0-0 10. Bg2 d6 11. 0-0 Bd7 12. Qd2 Bc6 13. Ned5 Bxd5 14. Nxd5 Nxd5 15. Bxd5 Qb6 16. e3 Nf5 17. b4 Rad8 18. a4 Ne7 19. a5 Qc7 20. Rfd1 Kh8 21. Rac1 f5 22. f4 h6 23. Qg2 e4 24. Qb2 Qb8 25. Qd4 Rf6 26. Kf2 Rd7 27. Qb2 Qe8 28. Qe2 Qg6 29. Rc3 Rf8 30. a6 b6 31. Bb7 Rfd8 32. Rd4 h5 33. h4 Ng8 34. Rc2 Nf6 35. Rcd2 Ng4+ 36. Kg2 Qf7 37. Bc6 Re7 38. Rd5 Rc8 39. Bb5 Rec7 40. R2d4 Kh7 41. Kh3 Qf6 42. Rxd6 Qe7 43. Qd2 Nf6 44. Bd7 Nxd7 45. Rxd7 Qf6 46. Rxc7 Rxc7 47. Qd1 Qf7 48. Qe2 Rc6 49. b5 Rf6 50. Qd1 Qg6 51. Rd7 Rf7 52. Rd6 Rf6 53. Rxf6 Qxf6 54. Qxh5+ Kg8 55. Qe8+ Kh7 56. Qh5+ Kg8 57. Qe8+ Kh7 58. h5 Qa1 59. Qg6+ Kg8 60. Qxf5 Qh1+ 61. Kg4 Qf3+ 62. Kh4 Qxe3 63. c5 Qd4 64. Qe6+ Kh8 65. cxb6 Qd8+ 66. Kh3 axb6 67. Qxe4 Qd7+ 68. f5 Qxb5 69. a7 Qf1+ 70. Kh2 1-0

[Event "Secondario 15th"]
[Site "Caorle"]
[Date "1990.07.14"]
[Round "8.16"]
[White "Ruggeri, Pietro"]
[Black "Redo, Nicola"]
[Result "1/2-1/2"]
[WhiteElo "1948"]
[BlackElo "2027"]
[PlyCount "110"]
[EventDate "1990.07.07"]
[EventType "swiss"]
[EventRounds "8"]
[EventCountry "ITA"]
[SourceTitle "EXT 2023"]
[Source "ChessBase"]
[SourceDate "2022.10.05"]
[SourceVersion "1"]
[SourceVersionDate "2022.10.05"]
[SourceQuality "1"]

1. f4 b6 2. b3 Bb7 3. Bb2 Nf6 4. e3 e6 5. Nf3 Be7 6. Nc3 c5 7. Bd3 0-0 8. 0-0 d5 9. Ne2 Nc6 10. Ng3 Nb4 11. Be2 Ne4 12. Nxe4 dxe4 13. Ne5 f6 14. Ng4 Qd7 15. a3 Nc6 16. Qe1 f5 17. Ne5 Nxe5 18. Bxe5 Bd6 19. Bc3 Qe7 20. Qg3 Rae8 21. Bb5 Rd8 22. a4 a5 23. h4 Rf7 24. h5 Qc7 25. h6 g6 26. Qh4 Be7 27. Qf2 Bf6 28. Bxf6 Rxf6 29. Qh4 Qe7 30. Rad1 e5 31. g4 fxg4 32. f5 Rdf8 33. Kg2 Bc8 34. fxg6 hxg6 35. Bc4+ Kh7 36. Rxf6 Qxf6 37. Qxf6 Rxf6 38. Rh1 Rd6 39. Re1 Kxh6 40. Kg3 Kg5 41. Bf1 Kf5 42. Be2 Kg5 43. Bf1 Rd8 44. Be2 Rh8 45. Bf1 Rh1 46. c4 Bf5 47. Rb1 Rh7 48. Bg2 Rd7 49. Rb2 Kf6 50. Rc2 Ke6 51. Rb2 Kd6 52. Rc2 Kc7 53. Rb2 Be6 54. Bf1 Rd8 55. Bg2 Bf5 1/2-1/2

[Event "Lega Veneta Magistrale 10th"]
[Site "Padova"]
[Date "1986.12.20"]
[Round "6"]
[White "Ruggeri, Pietro"]
[Black "Cracco, Pietro"]
[Result "0-1"]
[WhiteElo "1982"]
[BlackElo "1900"]
[PlyCount "65"]
[EventDate "1986.12.13"]
[EventType "tourn"]
[EventRounds "8"]
[EventCountry "ITA"]
[SourceTitle "EXT 2022"]
[Source "ChessBase"]
[SourceDate "2021.10.06"]
[SourceVersion "1"]
[SourceVersionDate "2021.10.06"]
[SourceQuality "1"]

1. f4 Nf6 2. Nf3 d5 3. e3 c5 4. d3 Nc6 5. Be2 e6 6. 0-0 Be7 7. c3 0-0 8. Qe1 Qc7 9. Nbd2 Ng4 10. Bd1 e5 11. fxe5 Ngxe5 12. Bc2 Bg4 13. e4 Rad8 14. Nxe5 Qxe5 15. Nf3 Qh5 16. Bf4 Bd6 17. Qg3 Bxf4 18. Qxf4 dxe4 19. dxe4 Bxf3 20. Rxf3 Qe5 21. Qe3 Qe7 22. Rf5 Ne5 23. Raf1 f6 24. h3 g6 25. R5f2 Kg7 26. Qg3 Rd6 27. h4 h5 28. Qf4 Ng4 29. Rf3 Qe5 30. Qxe5 Nxe5 31. Rg3 Rfd8 32. Rf5 Ng4 33. Rxc5 0-1

[Event "Lega Veneta Magistrale 10th"]
[Site "Padova"]
[Date "1986.12.20"]
[Round "5"]
[White "Zanini, Giuseppe"]
[Black "Ruggeri, Pietro"]
[Result "1-0"]
[WhiteElo "1900"]
[BlackElo "1982"]
[PlyCount "73"]
[EventDate "1986.12.13"]
[EventType "tourn"]
[EventRounds "8"]
[EventCountry "ITA"]
[SourceTitle "EXT 2022"]
[Source "ChessBase"]
[SourceDate "2021.10.06"]
[SourceVersion "1"]
[SourceVersionDate "2021.10.06"]
[SourceQuality "1"]

1. d4 d5 2. c4 e6 3. Nc3 Nf6 4. cxd5 exd5 5. Bg5 Nbd7 6. e3 c6 7. Bd3 Be7 8. Nge2 0-0 9. Qc2 Re8 10. 0-0 Nf8 11. Rab1 Ne4 12. Bxe7 Qxe7 13. b4 Bf5 14. Ng3 Bg6 15. Rfc1 Rac8 16. Ngxe4 Bxe4 17. Bxe4 dxe4 18. Na4 b6 19. a3 Nd7 20. Rb3 Rc7 21. Rc3 Rec8 22. Qe2 g6 23. Qd1 Qd6 24. Qb3 Nf6 25. R3c2 Ng4 26. g3 h5 27. Nc3 Nf6 28. Qa4 h4 29. Qa6 b5 30. Nxb5 Qe6 31. Nxc7 Qg4 32. Qe2 hxg3 33. Qxg4 gxf2+ 34. Rxf2 Nxg4 35. Nd5 Nxf2 36. Ne7+ Kf8 37. Nxc8 1-0

[Event "Lega Veneta Magistrale 10th"]
[Site "Padova"]
[Date "1986.12.14"]
[Round "3"]
[White "Pinton, Maurizio"]
[Black "Ruggeri, Pietro"]
[Result "1-0"]
[WhiteElo "1900"]
[BlackElo "1982"]
[PlyCount "31"]
[EventDate "1986.12.13"]
[EventType "tourn"]
[EventRounds "8"]
[EventCountry "ITA"]
[SourceTitle "EXT 2022"]
[Source "ChessBase"]
[SourceDate "2021.10.06"]
[SourceVersion "1"]
[SourceVersionDate "2021.10.06"]
[SourceQuality "1"]

1. e4 e5 2. Nf3 Nf6 3. Nc3 Bb4 4. Bc4 0-0 5. 0-0 Nc6 6. d3 Bxc3 7. bxc3 d5 8. exd5 Nxd5 9. Ng5 h6 10. Qf3 Nf6 11. Ne4 Nxe4 12. Qxe4 Qf6 13. f4 Qh4 14. Ba3 Rd8 15. Bxf7+ Kh8 16. Rae1 1-0